Statistics for Premier League own goals for English clubs

Click here to take the quiz!

General Stats

  • This quiz has been taken 24 times
  • The average score is 17 of 20

Answer Stats

Own goalsAnswer% Correct
39Manchester City
100%
41Manchester United
100%
45Arsenal
95%
40Liverpool
95%
54Everton
91%
41Tottenham Hotspur
91%
43West Ham United
91%
48Aston Villa
86%
38Chelsea
86%
31Leicester City
86%
34Newcastle United
86%
39Sunderland
86%
39Fulham
82%
23Bolton Wanderers
77%
29Middlesbrough
77%
30West Bromwich Albion
77%
26Blackburn Rovers
73%
39Southampton
73%
22Queens Park Rangers
68%
20Stoke City
59%

Score Distribution

Percentile by Number Answered

Percent of People with Each Score

Your Score History

You have not taken this quiz